| 000 | 00361nam a2200145Ia 4500 | ||
|---|---|---|---|
| 005 | 20251222153617.0 | ||
| 008 | 251222s9999||||xx |||||||||||||| ||spa|| | ||
| 020 | _a9972264718 | ||
| 082 | _a345.2/G14 | ||
| 100 | _aGálvez Villegas, Tomás Aladino | ||
| 245 | 0 | _aLa Reparación Civil en el Proceso Penal | |
| 250 | _a2da.ed | ||
| 264 | _bIDEMA | ||
| 942 | _cLIB | ||
| 999 |
_c31846 _d31846 |
||